| 000 | 00881namaa2200265 a 4500 | ||
|---|---|---|---|
| 001 | vtls001305437 | ||
| 003 | NLI | ||
| 005 | 20210627043901.0 | ||
| 008 | 120418s1974 dcu i000 0 eng | ||
| 039 | 9 |
_y201204181938 _zVLOAD |
|
| 040 | 0 |
_aNLI _cVTLS-2012_FOD _eAACR2 |
|
| 041 | 0 | _aeng | |
| 044 | _adcu | ||
| 082 | 0 | 4 | _a658.15242 |
| 110 | 2 |
_aUnited States. _bDepartment of Agriculture, Education, and Welfare _9716525 |
|
| 245 | 1 | 0 | _aRelationship between whole body vibration morbidity patterns among heavy equipment operators |
| 260 |
_aWashington, D.C. : _bUnited States Department of Agriculture, Education, and WelfareDepartment, _c1974 |
||
| 300 |
_a71 p. ; _b30 cm. |
||
| 650 | 0 |
_aIndustrial equipment leases _9725327 |
|
| 650 | 0 |
_aHeavy equipment _9725328 |
|
| 887 | _a | ||
| 901 |
_aAD 145357 _b15.11.210 |
||
| 902 | _aU.S 658.15242 Un 3 | ||
| 942 |
_2ddc _cBKS |
||
| 999 |
_c596116 _d596116 |
||